Közösségformálás a gyakorlatban munkahelyi közösségek fejlesztése

Bibliográfiai részletek
Szerző: Varga Kitti
További közreműködők: Joós Tamás
Dokumentumtípus: Diplomadolgozat
Kulcsszavak:belső kommunikáció fejlesztése
csapatépítés
csoportkommunikáció
közösségfejlesztés
vállalati kommunikáció
Online Access:http://dolgozattar.uni-bge.hu/60233

MARC

LEADER 00000nta a2200000 i 4500
001 dolg60233
005 20260409150154.0
008 260409suuuu hu om 000 hun d
040 |a BGE Dolgozattár Repozitórium  |b hun 
041 |a hu 
100 1 |a Varga Kitti 
245 1 0 |a Közösségformálás a gyakorlatban  |b munkahelyi közösségek fejlesztése  |c Varga Kitti  |h [elektronikus dokumentum] 
520 3 |a A szakdolgozat a munkahelyi közösségek fejlesztésének fontosságát vizsgálja a közösségelmélet, a szervezetfejlesztés és a munkahelyi kommunikáció szempontjából. A szerző elemzi a közösségek fogalmát, működését, valamint az egyéni és csoportos viselkedés közösségformáló hatásait. A dolgozat gyakorlati része egy szakmai gyakorlat tapasztalatain alapul, ahol egy munkahelyi közösség széthúzó légkörének feltérképezése és fejlesztése történt meg szabadinterjúk, megfigyelések és csapatépítő tréningek segítségével. A kutatás eredményei rávilágítanak arra, hogy tudatos közösségfejlesztéssel, konfliktuskezeléssel és megfelelő kommunikációs stratégiákkal jelentős mértékben javítható a munkahelyi közérzet és a szervezeti hatékonyság. A dolgozat célja, hogy gyakorlati megoldásokat kínáljon a munkahelyi közösségek harmonikusabbá tételére, függetlenül attól, hogy fennáll-e súlyos konfliktushelyzet. 
695 |a belső kommunikáció fejlesztése 
695 |a csapatépítés 
695 |a csoportkommunikáció 
695 |a közösségfejlesztés 
695 |a vállalati kommunikáció 
700 1 |a Joós Tamás  |e ths 
856 4 0 |u http://dolgozattar.uni-bge.hu/60233/1/Varga_Kitti_Szakdolgozat.pdf  |z Dokumentum-elérés 
856 4 0 |u http://dolgozattar.uni-bge.hu/60233/2/Varga%20Kitti%20konzulensi%20%C3%A9rt%C3%A9kel%C3%A9s.pdf  |z Dokumentum-elérés 
856 4 0 |u http://dolgozattar.uni-bge.hu/60233/3/VargaKitti.pdf  |z Dokumentum-elérés